[Event "Cantabria-ch"]
[Site "Cantabria"]
[Date "2009.04.25"]
[Round "6"]
[White "Benito Vilella, Francisco Jose"]
[Black "Tejedor Fuente, Marina"]
[Result "1/2-1/2"]
[WhiteElo "1710"]
[BlackElo "1583"]
[PlyCount "58"]
[EventDate "2009.03.14"]
[EventType "swiss"]
[EventRounds "7"]
[EventCountry "ESP"]
[SourceTitle "EXT 2024"]
[Source "ChessBase"]
[SourceDate "2023.10.10"]
[SourceVersion "1"]
[SourceVersionDate "2023.10.10"]
[SourceQuality "1"]

1. e4 e6 2. d4 d5 3. Nd2 Nf6 4. e5 Nfd7 5. Bd3 c5 6. c3 Qb6 7. Ne2 Nc6 8. Nf3 cxd4 9. cxd4 Bb4+ 10. Bd2 Bxd2+ 11. Qxd2 Qb4 12. Rc1 Qxd2+ 13. Kxd2 Nb6 14. a3 Bd7 15. Rc2 Rc8 16. Rhc1 Ke7 17. b4 a6 18. Ke1 h6 19. Nd2 Na7 20. Rxc8 Rxc8 21. Rxc8 Nbxc8 22. Nb3 Nb6 23. Nc5 Bc6 24. f4 Na4 25. Nxa4 Bxa4 26. Nc3 Bc6 27. Kd2 Nb5 28. Nxb5 Bxb5 29. Bxb5 axb5 1/2-1/2

[Event "Cantabria-ch"]
[Site "Cantabria"]
[Date "2009.03.14"]
[Round "1"]
[White "Gonzalez Laso, Adrian"]
[Black "Benito Vilella, Francisco Jose"]
[Result "1-0"]
[WhiteElo "2006"]
[BlackElo "1710"]
[PlyCount "67"]
[EventDate "2009.03.14"]
[EventType "swiss"]
[EventRounds "7"]
[EventCountry "ESP"]
[SourceTitle "EXT 2024"]
[Source "ChessBase"]
[SourceDate "2023.10.10"]
[SourceVersion "1"]
[SourceVersionDate "2023.10.10"]
[SourceQuality "1"]

1. e4 c5 2. Nc3 Nc6 3. g3 g6 4. Bg2 Bg7 5. d3 d6 6. f4 e6 7. Nf3 Nge7 8. 0-0 0-0 9. Be3 f5 10. Qd2 b6 11. Rfe1 Bb7 12. Ng5 Qd7 13. exf5 exf5 14. Nd1 Rae8 15. c3 Nd8 16. Nf3 Nd5 17. d4 Nxe3 18. Nxe3 cxd4 19. Nxd4 Bxg2 20. Kxg2 Nc6 21. Nb5 Rf6 22. Qd5+ Kh8 23. Rad1 Bf8 24. Nc4 Rxe1 25. Rxe1 Ne7 26. Qd4 Bg7 27. Nbxd6 Rxd6 28. Qxd6 Qb7+ 29. Kh3 Ng8 30. Ne5 Bxe5 31. Qxe5+ Qg7 32. Qxg7+ Kxg7 33. Re8 Kf7 34. Ra8 1-0